Signatures of Every Current World Leader - Statistics

General Stats
  • This quiz has been taken 11 times
  • The average score is 14 of 195
Answer Stats
Picture Hint Answer % Correct
Micheál Martin
100%
Claudia Sheinbaum Pardo
83%
Kristen Michal
83%
Leo XIV
83%
Abdullah II bin Hussein
67%
Jeremiah Manele
67%
Cyril Ramaphosa
50%
Donald Trump
50%
Robert Fico
50%
Andrew Holness
33%
Emmanuel Macron
33%
José Antonio Kast
33%
Xi Jinping
33%
Abdelmadjid Tebboune
17%
Adama Barrow
17%
Albert II Alexandre Louis Pierre Grimaldi
17%
Aleksandar Vučić
17%
Aleksandr Lukashenko
17%
Alois (III) Philipp Maria
17%
Andrey Gyurov
17%
Anthony Albanese
17%
Asiwaju Bola Ahmed Adekunle Tinubu
17%
Bongbong Marcos
17%
Christian Stocker
17%
Christopher Mark Luxon
17%
Daniel Ortega & Rosario Murillo
17%
Friedrich Merz
17%
Godwin Friday
17%
Hibatullah Akhundzada
17%
Horta Inta-A Na Man
17%
Ibrahim Traoré
17%
Irakli Kobakhidze / Bidzina Ivanishvili
17%
Isaias Afwerki
17%
James Marape
17%
Khalifa Haftar / Abdul Hamid Dbeibah
17%
Kim Jong-un
17%
Lee Jae Myung
17%
Luca Beccari
17%
Mahdi al-Mashat / Rashad Mohammed al-Alimi
17%
Unrecognized by Jetpunk Mahmoud Abbas
17%
Mia Amor Mottley
17%
Mohammed bin Salman al-Saud
17%
Narendra Modi
17%
Navinchandra Ramgoolam
17%
Nawaf Salam
17%
Paul Kagame
17%
Robert Golob
17%
Sanae Takaichi
17%
Seyyed Mojtaba Hosseini Khamenei
17%
Sitiveni Ligamamada Rabuka
17%
Terrance Drew
17%
Unrecognized by Jetpunk Vadim Krasnoselsky
17%
William Ruto
17%
Abdel Fattah al-Burhan Abdelrahman al-Burhan
0%
Abdel Fattah el-Sisi
0%
Abdourahamane Tchiani
0%
Abiy Ahmed Ali
0%
Ahmed Hussein al-Sharaa
0%
Alassane Ouattara
0%
Albin Kurti
0%
Alix Didier Fils-Aimé
0%
Andrej Babiš
0%
Andrej Plenković
0%
Antti Petteri Orpo
0%
Anura Kumara Dissanayake
0%
Anutin Charnvirakul
0%
Anwar bin Ibrahim
0%
Arthur Peter Mutharika
0%
Assimi Goïta
0%
Azali Assoumani
0%
Unrecognized by Jetpunk Badra Gunba
0%
Bart De Wever
0%
Bassirou Diomaye Jaxaar Faye
0%
Benjamin Netanyahu
0%
Brice Oligui Nguema
0%
Carlos Manuel Vila Nova
0%
César Bernardo Arévalo
0%
Daniel Chapo
0%
Daniel Noboa
0%
David Ranibok Waiau Adeang
0%
Delcy Eloína Rodríguez
0%
Denis Sassou Nguesso
0%
Dickon Mitchell
0%
Donald Tusk
0%
Duma Boko
0%
Edi Rama
0%
Emmerson Mnangagwa
0%
Emomali Sharipovich Rahmon
0%
Évariste Ndayishimiye
0%
Evika Siliņa
0%
Fatafehi Kinikinilau Lolomana‘ia Fakafānua
0%
Faure Essozimna Gnassingbé
0%
Faustin-Archange Touadéra
0%
Feleti Penitala Teo
0%
Félix Tshisekedi
0%
Gaston Browne
0%
Giorgia Meloni
0%
Gitanas Nausėda
0%
Gurbanguly Mälikgulyýewiç Berdimuhamedow
0%
Gustavo Petro
0%
Guy Parmelin
0%
Haitham bin Tariq al-Sa'id
0%
Hakainde Hichilema
0%
Hamad bin Isa bin Salman al-Khalifa
0%
Hamza Abdi Barre
0%
Hassanal Bolkiah Muiz'zaddin Wad'daulah
0%
Hilda Cathy Heine
0%
Hristijan Mickoski
0%
Hun Sen
0%
Ilham Aliyev
0%
Ismaïl Omar Guelleh
0%
Javier Milei
0%
Jennifer Geerlings-Simons
0%
João Gonçalves Lourenço
0%
John Mahama
0%
Johnny Briceño
0%
Jonas Gahr Støre
0%
José María Balcázar
0%
José Maria Neves
0%
Joseph Boakai
0%
José Raúl Mulino
0%
Jotham Napat
0%
Julius Maada Bio
0%
Kais Saied
0%
Kamla Susheila Persad-Bissessar
0%
Keir Starmer
0%
Kyriakos Mitsotakis
0%
Lai Ching-te
0%
Lawrence Wong Shyun Tsai
0%
Luc Frieden
0%
Luis Abinader
0%
Luiz Inácio Lula da Silva
0%
Mahamat Déby
0%
Mamady Doumbouya
0%
Mark Carney
0%
Mette Frederiksen
0%
Mian Muhammad Shehbaz Sharif
0%
Michael Randrianirina
0%
Miguel Díaz-Canel
0%
Min Aung Hlaing
0%
Mish'al al-'Ahmad al-Jabir al-Sabah
0%
Mohamed bin Zayed al-Nahyan
0%
Mohamed Irfaan Ali
0%
Mohamed Muizzu
0%
Mohamed Ould Cheikh Mohamed Ahmed Ould Ghazouani
0%
Mohammed Shia' al-Sudani
0%
Mohammed VI bin Hassan al-Alawi
0%
Mswati III
0%
Nasry Juan Asfura
0%
Nayib Bukele
0%
Netumbo Nandi-Ndaitwah
0%
Nicușor Dan
0%
Nikol Pashinyan
0%
Nikos Christodoulides
0%
Patrice Talon
0%
Patrick Herminie
0%
Paul Biya
0%
Pedro Sánchez
0%
Philip Edward "Brave" Davis
0%
Philip J. Pierre
0%
Prabowo Subianto
0%
Qasym-Jomart Kemelūly Toqaev
0%
Recep Tayyip Erdoğan
0%
Robert Abela
0%
Rob Jetten
0%
Rodrigo Chaves Robles
0%
Rodrigo Paz
0%
Roosevelt Skerrit
0%
Sadyr Nurgojo uulu Japarov
0%
Salva Kiir Mayardit
0%
Samia Suluhu Hassan
0%
Sam Ntsokoane Matekane
0%
Santiago Peña
0%
Shavkat Mirziyoyev
0%
Surangel Whipps Jr.
0%
Sushila Karki
0%
Susuga Laʻaulialemalietoa Leuatea Polataivao Fosi Schmidt
0%
Tamim bin Hamad bin Khalifa al-Thani
0%
Taneti Maamau
0%
Tarique Rahman
0%
Teodoro Obiang Nguema Mbasogo
0%
Thongloun Sisoulith
0%
Tô Lâm
0%
Tshering Tobgay
0%
Ukhnaagiin Khürelsükh
0%
Ulf Kristersson
0%
Viktor Orbán
0%
Vladimir Putin
0%
Volodymyr Oleksandrovych Zelenskyi
0%
Wesley Simina
0%
Xanana Gusmão
0%
Xavier Espot Zamora
0%
Yamandú Ramón Antonio Orsi Martínez
0%
Yoweri Kaguta Museveni Tibuhaburwa
0%
Željko Komšić
0%
No matching quizzes found
Score Distribution
Percent of People with Each Score
Percentile by Number Answered
Your Score History
You have not taken this quiz